000 00633nam a2200241 a 4500
999 _c5111
_d5111
001 5111
003 BD-JhCC
005 20171209120814.0
008 171209b19341966e a|||| || | 001 0 eng d
035 _a(BD-JhCC)5111
040 _aBD-JhCC
_dBD-JhCC
041 _aeng
082 _a914
_bSHA 1966
100 _aShackleton, Margaret Rrid
245 _aEurope :
_bA Regional Geography /
_cMargaret Reid Shackleton,
250 _a3rd ed.
260 _aLondon :
_bLongmans,
_c1966.
300 _a572 p. :
_bill. ;
_c21 cm.
504 _aIncludes Index
650 _aPhysical Geography
_zEurope
942 _2ddc
_cBK